| 000 | 01033nmc a2200349 a 4500 | ||
|---|---|---|---|
| 003 | AR-BaBNM | ||
| 005 | 20251128204109.0 | ||
| 008 | 305019s1984 ||||||||||||||000 | spa|| | ||
| 020 | _a950-25-0079-2 | ||
| 040 | _cAR-BaBNM | ||
| 245 | 1 | 0 | _aAgustín Tosco, conducta de un dirigente obrero |
| 260 |
_aBuenos Aires _bCentro Editor de América Latina _c1984 |
||
| 300 | _a161 p. | ||
| 490 | 0 |
_aBiblioteca Política Argentina _vv. 80 |
|
| 610 | 2 | 4 | _aConfederación General del Trabajo [Argentina] |
| 610 | 2 | 4 | _aUnión Obrera Metalúrgica [Argentina] |
| 650 | 4 | _aSIGLO VEINTE | |
| 650 | 4 | _aHISTORIA POLITICA | |
| 650 | 4 | _aSINDICALISMO | |
| 650 | 4 | _aMOVIMIENTO OBRERO | |
| 650 | 4 | _aDERECHOS HUMANOS | |
| 650 | 4 | _aDERECHO LABORAL | |
| 650 | 4 | _aCORDOBAZO | |
| 651 | 4 | _aArgentina | |
| 700 | 1 |
_aLannot, Jorge O. _ecompilador |
|
| 700 | 1 |
_aAmantea, Adriana _ecompilador |
|
| 700 | 1 |
_aSguiglia, Eduardo _ecompilador |
|
| 700 | 1 | _aTosco, Agustín | |
| 800 | 1 |
_aTroncoso, Oscar _edirector |
|
| 942 | _cBK | ||
| 998 | _cGrace | ||
| 999 |
_c6156 _d6156 |
||